Statistics for Frozen Characters by Screen Time

Click here to take the quiz!

General Stats

  • This quiz has been taken 232 times
  • The average score is 7 of 16

Answer Stats

Characters% Correct
Anna
100%
Elsa
99%
Olaf
97%
Kristoff
92%
Sven
91%
Hans
90%
Duke of Weselton
37%
Marshmallow
33%
King Agnarr
21%
Queen Iduna
19%
Mattias
12%
Bulda
8%
Bruni
7%
Kai
6%
Gale
5%
Nokk
5%

Score Distribution

Percentile by Number Answered

Percent of People with Each Score

Your Score History

You have not taken this quiz